| 000 | 01187nam a22002177a 4500 | ||
|---|---|---|---|
| 999 |
_c22057 _d22057 |
||
| 003 | AR-CdUCM | ||
| 008 | 190417b ||||| |||| 00| 0 spa d | ||
| 040 |
_aMUNICIPALIDAD PROVINCIAL DEL CUSCO _cBIBLIOTECA MUNICIPAL DEL CUSCO |
||
| 082 | _aPedagogía/N°1/1944 | ||
| 245 |
_aRevista de pedagogía : _bórgano de La sección Normal Superior de la Universidad Nacional del Cuzco / |
||
| 260 |
_aCuzco : _bH.G. Rozas, _c1944. |
||
| 300 |
_a126 paginas ; _c23 cm. |
||
| 440 |
_aRevista de pedagogía. _nN°1, 1944. _947312 |
||
| 505 | _aContenido: La enseñanza deñ castellano. José Gabriel Cosio. -- La enseñanza del idioma español y las definiciones gramaticales. Humberto Vidal -- Breve reseña histórica de la evolución de la metodología pedagógica. Maximiliano Moscoso. -- Eduquemos el sentimiento. Delia Vidal. -- La enseñanza de nuestra historia patria. Julián Santisteban. -- La graduación didáctica. Juvenal Salas. -- Patria tierra y canción- Luis Nieto Miranda... | ||
| 650 |
_aPedagogía _91560 |
||
| 650 |
_aEducación _9460 |
||
| 650 |
_aPerú _947313 |
||
| 710 |
_aUniversidad Nacional San Antonio de Abad del Cuzco _947314 |
||
| 942 |
_2ddc _cPP |
||
| 945 | _arac | ||